| 000 | 00474nam a2200193Ia 4500 | ||
|---|---|---|---|
| 003 | GCL | ||
| 008 | 140319s9999 xx 000 0 eng d | ||
| 040 |
_aGCL / _cGCL |
||
| 082 | 0 | 4 |
_a415 _bS E |
| 100 | 1 | _aSTORRIES, TIM | |
| 245 | 1 | 0 |
_aENGLISH USAGE / _cSTORRIES, TIM |
| 700 | 1 | _aMATSON, JAMES | |
| 260 |
_a[S.N] : _bCASSELL ، _c1994 |
||
| 300 | _a136 P | ||
| 650 | 0 | 4 | _aENGLISH LANGUAGE - GRAMMAR |
| 650 | 0 | 4 | _aENGLISH LANGUAGE |
| 650 | 0 | 4 | _aSYNTAX |
| 942 |
_2ddc _cBK |
||
| 999 |
_c10683 _d10683 |
||